| 000 | 01003nas a2200349 4500 | ||
|---|---|---|---|
| 001 | BR9605040 | ||
| 003 | BR-BrBNA | ||
| 005 | 20231205095832.0 | ||
| 007 | ta | ||
| 008 | 230509b bl.|||p| |||| 00| 00por d | ||
| 040 |
_aBR-BrBNA _bpor _cBiblioteca Nacional de Agricultura |
||
| 041 | _a(Pt) | ||
| 072 | _aL01; Q04 | ||
| 100 | 1 | _aD'Alessandro, W.T. | |
| 100 | 1 | _aOliveira, A.B.C. | |
| 100 | 1 | _aRocha, J.M. | |
| 100 | 1 | _aPontes, I.S. | |
| 100 | 1 | _aSouza, J.T. | |
| 100 | 1 | _atanezini, C.A. | |
| 100 | 1 | _aDias, J.M. | |
| 245 | 1 | _aVariacao do extrato seco total e desengordurado no leite caprino do municipio de goiania | |
| 650 | _aLeite de Cabra | ||
| 650 | _aCabra | ||
| 650 | _aDieta | ||
| 650 | _aLactacao | ||
| 650 | _aOrdenha | ||
| 650 | _aClima | ||
| 650 | _aAnalise de Alimento | ||
| 773 | 0 |
_tCiencia e Tecnologia de Alimentos (Brazil) _xISSN 0101-2061 _g(Jul-Dec 1995), v. 15(2) p. 185-188 _wBR9605040 |
|
| 909 |
_a202311 _bLúcia _c55 _dLúcia Elande |
||
| 942 |
_2AGRIS _n0 _cANA |
||
| 999 |
_c152974 _d152974 |
||